02320nam a22002537a 450000500170000000800410001702000180005804000070007604100120008308200230009510000250011824500410014326000390018430000260022344000580024952015080030765000160181565000340183165000280186570000270189394200120192099900190193295201150195120230608101538.0230608b ||||| |||| 00| 0 eng d a9781584888109 cAL aEnglish 223a574.0285bQINB aShui Qing Ye9122255 aBioinformatics: A Practical Approach aLondonbChapman and Hall/CRCc2007 a618 p.bPBc24x15 cm. aMathematical and Computational Biology Series9122256 aAn emerging, ever-evolving branch of science, bioinformatics has paved the way for the explosive growth in the distribution of biological information to a variety of biological databases, including the National Center for Biotechnology Information. For growth to continue in this field, biologists must obtain basic computer skills while computer specialists must possess a fundamental understanding of biological problems. Bridging the gap between biology and computer science, Bioinformatics: A Practical Approach assimilates current bioinformatics knowledge and tools relevant to the omics age into one cohesive, concise, and self-contained volume. Written by expert contributors from around the world, this practical book presents the most state-of-the-art bioinformatics applications. The first part focuses on genome analysis, common DNA analysis tools, phylogenetics analysis, and SNP and haplotype analysis. After chapters on microarray, SAGE, regulation of gene expression, miRNA, and siRNA, the book presents widely applied programs and tools in proteome analysis, protein sequences, protein functions, and functional annotation of proteins in murine models. The last part introduces the programming languages used in biology, website and database design, and the interchange of data between Microsoft Excel and Access. Keeping complex mathematical deductions and jargon to a minimum, this accessible book offers both the theoretical underpinnings and practical applications of bioinformatics. aDNA9122257 aPhylogenetic Analysis9122258 aGene Expression9122259 aQING YE (Shui)9122260 2ddccDB c227448d227448 00102ddc40708MBaALbALd2023-06-03l0o574.0285 QINBpD05664r2023-06-08 00:00:00v695.00w2023-06-08yDB